|
|
|
|
| LEADER |
01393nab#a2200361#ar4500 |
| 001 |
000066713 |
| 003 |
SVKKK |
| 005 |
19971208xxxxxxx. |
| 008 |
06 c xo huno |
| FMT |
|
|
|
| 038 |
|
|
|a SVKKK
|
| 040 |
|
|
|a SVKKK
|b slo
|e AACR2
|
| 041 |
0 |
|
|a hun
|
| 044 |
|
|
|a xo
|c SK
|
| 080 |
|
|
|a 282(Gemer):257
|
| 080 |
|
|
|a 282(Gemer):271(prem)
|
| 080 |
|
|
|a 393
|
| 242 |
1 |
0 |
|a Smútok premonštrátskeho rádu v Jasove
|
| 245 |
0 |
0 |
|a A jászóvári premontrei kanonokrend gyásza :
|b Kertész Miksa nagyváradi prémontrei főgimnáziumi tanár halála
|
| 520 |
2 |
|
|a Správa o úmrtí Maximiliána (Miksa) Kertésza, premonštrátskeho kňaza a profesora na Katolíckom vyššom gymnáziu v Oradei 19.10.1917. Študoval v Rožňave.
|
| 600 |
1 |
4 |
|a Kertész, Maximilián,
|d 1831-1917,
|x kňaz premonštrátsky, profesor
|z Rožňava - štúdium - Oradea (RO) - pôsobenie - úmrtie
|
| 650 |
0 |
4 |
|a Kertész, Maximilián (kňaz premonštrátsky, profesor 1831-1917) - Katolícke vyššie gymnázium, Oradea (RO) - pôsobenie - Rožňava - štúdium - Oradea (RO) - 19.10.1917 - úmrtie - správa
|
| 773 |
0 |
|
|t Sajó-Vidék : Vegyestartalmú hetilap
|g Roč. 20, č. 43 (25.10.1917) s. 2
|
| 957 |
|
|
|a Jasov
|
| 957 |
|
|
|a Oradea (RO)
|
| 957 |
|
|
|a Rožňava
|
| 958 |
|
|
|a CI
|
| 958 |
|
|
|a DG
|
| 958 |
|
|
|a SK
|
| 974 |
|
|
|a ebl
|d 19971208
|
| 992 |
|
|
|a RBX
|
| BAS |
|
|
|
| 998 |
|
|
|a RETRO
|